Normal view
MARC view
Entry Personal Name
001 - CONTROL NUMBER
- control field: 238487
003 - CONTROL NUMBER IDENTIFIER
- control field: OSt
005 - DATE AND TIME OF LATEST TRANSACTION
- control field: 20250910121739.0
008 - FIXED-LENGTH DATA ELEMENTS
- fixed length control field: 250910|| aca||aabn | a|a d
040 ## - CATALOGING SOURCE
- Original cataloging agency: OSt
- Transcribing agency: OSt
100 ## - HEADING--PERSONAL NAME
- Personal name: Patnaik,G B
670 ## - SOURCE DATA FOUND
- Source citation: Work cat.: (OSt)240418: Durga das basu;[et.al.] 238485, Comparative constitutional law, 2014